Mi vida / (Record no. 29568)

MARC details
000 -LEADER
campo de control de longitud fija 00589nam a2200193 i 4500
001 - NÚMERO DE CONTROL
campo de control 29568
003 - IDENTIFICADOR DE NÚMERO DE CONTROL
campo de control ES-MaACL
005 - FECHA Y HORA DE LA ÚLTIMA TRANSACCIÓN
campo de control 20230906154044.0
007 - CAMPO FIJO DE DESCRIPCIÓN FÍSICA--INFORMACIÓN GENERAL
campo de control de longitud fija t|
008 - DATOS DE LONGITUD FIJA--INFORMACIÓN GENERAL
campo de control de longitud fija 030122s1969 sp ||||1| spa d
100 1# - ENTRADA PRINCIPAL--NOMBRE DE PERSONA
Nombre de persona Barnard, Christian.
9 (RLIN) 25704
245 10 - MENCIÓN DEL TÍTULO
Título Mi vida /
Mención de responsabilidad, etc. por Christian Barnard y Curtis Bill Pepper ; [traducción de J. Ferrer Aleu].
250 ## - MENCION DE EDICION
Mención de edición 1ª ed.
260 ## - PUBLICACIÓN, DISTRIBUCIÓN, ETC.
Lugar de publicación, distribución, etc. Barcelona :
Nombre del editor, distribuidor, etc. Plaza & Janés,
Fecha de publicación, distribución, etc. 1969.
300 ## - DESCRIPCIÓN FÍSICA
Extensión 599 p., 16 lám. ;
Dimensiones 19 cm.
700 1# - ENTRADA AGREGADA--NOMBRE PERSONAL
Nombre de persona Ferrer Aleu, J.
9 (RLIN) 50442
700 1# - ENTRADA AGREGADA--NOMBRE PERSONAL
Nombre de persona Pepper, Curtis Bill.
9 (RLIN) 90335
852 ## - LOCALIZACIÓN
Ubicación ES-MaACL
Número de control de estantería C-39486
Sublocalización o colección R.72083
Holdings
Estatus retirado Estado de pérdida Estado de daño No para préstamo Biblioteca de origen Biblioteca actual Ubicación en estantería Fecha de adquisición Fuente de adquisición Total de préstamos Signatura topográfica completa Código de barras Visto por última vez Precio de reemplazo Tipo de ítem Koha
        Biblioteca del Ateneo de Madrid Biblioteca del Ateneo de Madrid Depósito 2 17/01/2008     C-39486 1030525 23/02/2023 23/02/2023 Libro impreso